LEADER 00907nam a2200217 i 4500 001 000000180817 003 CaOOAMICUS 005 20090728000000.0 008 090728s1928 it u000 u ita u 013 $a158528 040 $aSeMil$bita 245 14$aGli atti dei martiri scillitani ; La passione di S. Perpetua e di S. Felicita /$cA cura di Vincenzo Corrente. 300 $aLXXXVI, 63 p. 490 0 $aI classici cristiani ;$v2./1 700 1 $aCorrente, Vincenzo.$0(OLS)http://semarc/name/39810 773 0 $tAtti dei martiri.$dSiena : Cantagalli, [19--?]$g1$w()21773 830 2$aI classici cristiani ;$v2./1.$0(OLS)http://semarc/title/386 850 $aSeMil 852 $aSeMil$W1$xVenegono$y1$m2S I 352$j131565$B131565$CSeMilBibl$Z2$F143437 $81 961 $aOmaggio: Altro 996 $6245$aGli atti dei martiri scillitani ; La passione di S. Perpetua e di S. Felicita$9(OLS)http://semarc/title/259666 LEADER 00622naa a2200133 i 4500 001 000000324973 003 CaOOAMICUS 005 20180831173453.0 008 180831n it u000 u ita u 013 $a35887 040 $aSeMil$bita 245 13$aLa "Ca' Granda" e gli Istituti Ospedalieri di Milano :$bEstratto da L'Azienda Ospedaliera. n. 10 (Ottobre 1952) 773 0 $aSpinelli, Salvatore$tBenefattori dell'Ospedale Maggiore di Milano.$d[S.l. : s.n.], [195?]$gp.1-8$w()184731 996 $6245$aLa "Ca' Granda" e gli Istituti Ospedalieri di Milano :$bEstratto da L'Azienda Ospedaliera. n. 10 (Ottobre 1952)$9(OLS)http://semarc/title/398220